000 00342nam a2200133Ia 4500
008 191014s9999 xx 000 0 und d
020 _a978-81-317-2193-3
082 _a530
_bWOL
100 _aRichard Wolfson
_923861
245 0 _aEssential University Physics Vol 1
260 _aIndia
_bPearson
_c2009
300 _aXviii,325
942 _cBK
999 _c531386
_d531386